000 00308nam a2200121Ia 4500
008 191201s2015 xx 000 0 und d
100 _aGAHLOT, P S
245 0 _aConstruction Planning and Management
260 _c2015
_bNew Age International
_aNew Delhi
300 _a163
650 _aCIVIL
942 _2ddc
_cBB
999 _c7675
_d7675